000
00235nam a2200097Ia 4500
001
709190
005
20250826162542.0
008
250824s9999 xx 000 0 und d
245
0
_a
OKULDA
_c
DURAN ÇETİN
260
_b
ATLIKARINCA YAYINLARI
999
_c
709190
_d
709190